| 000 | 00428pab a2200157 454500 | ||
|---|---|---|---|
| 008 | 180718b2013 xxu||||| |||| 00| 0 eng d | ||
| 100 | _aKabir, Shahriar | ||
| 245 | _aFrom people's court to shahbag square: A twentyone-year struggle for upholding the spirit of liberation war | ||
| 260 | _c2013 | ||
| 300 | _ap.11-12. | ||
| 362 | _a23 March | ||
| 650 | _aWar crimes | ||
| 773 | _aMainstream | ||
| 908 | _aN | ||
| 909 | _a98166 | ||
| 999 |
_c98165 _d98165 |
||